Eastern Utah Libraries Catalog: Duchesne, Heber, Roosevelt, & Vernal

The present moment (Record no. 281188)

MARC details
000 -LEADER
fixed length control field 01908cim a2200457Ia 4500
001 - CONTROL NUMBER
control field ocm53354047
003 - CONTROL NUMBER IDENTIFIER
control field OCoLC
005 - DATE AND TIME OF LATEST TRANSACTION
control field 20200320191325.0
007 - PHYSICAL DESCRIPTION FIXED FIELD--GENERAL INFORMATION
fixed length control field sd fungnn|||ee
008 - FIXED-LENGTH DATA ELEMENTS--GENERAL INFORMATION
fixed length control field 031105s2003 counnnng d i n eng d
020 ## - INTERNATIONAL STANDARD BOOK NUMBER
International Standard Book Number 159179126X (cd)
020 ## - INTERNATIONAL STANDARD BOOK NUMBER
International Standard Book Number 9781591791263 (cd)
020 ## - INTERNATIONAL STANDARD BOOK NUMBER
Terms of availability 69.95
028 02 - PUBLISHER NUMBER
Publisher number AF00760D
Source Sounds True
029 1# - (OCLC)
OCLC library identifier AU@
System control number 000047105898
035 ## - SYSTEM CONTROL NUMBER
System control number (OCoLC)53354047
040 ## - CATALOGING SOURCE
Original cataloging agency NTG
Transcribing agency NTG
Modifying agency OCLCQ
-- BAKER
-- OCLCG
-- BDX
-- WACOL
049 ## - LOCAL HOLDINGS (OCLC)
Holding library WACL
082 #4 - DEWEY DECIMAL CLASSIFICATION NUMBER
Classification number 294.34
092 ## - LOCALLY ASSIGNED DEWEY CALL NUMBER (OCLC)
Classification number CD 294.34
Item number Nha
100 0# - MAIN ENTRY--PERSONAL NAME
Personal name Nhá̂t Hạnh,
Titles and other words associated with a name Thích.
9 (RLIN) 1683
245 14 - TITLE STATEMENT
Title The present moment
Medium [sound recording] :
Remainder of title [a retreat on the practice of mindfulness] /
Statement of responsibility, etc Thich Nhat Hanh.
260 ## - PUBLICATION, DISTRIBUTION, ETC. (IMPRINT)
Place of publication, distribution, etc Boulder, CO :
Name of publisher, distributor, etc Sounds True,
Date of publication, distribution, etc p1994.
300 ## - PHYSICAL DESCRIPTION
Extent 6 sound discs (ca. 7 1/2 hrs.) :
Other physical details digital ;
Dimensions 4 3/4 in. +
Accompanying material 1 pamphlet (7 p. : ill. ; 22 cm.)
500 ## - GENERAL NOTE
General note Subtitle from container.
511 0# - PARTICIPANT OR PERFORMER NOTE
Participant or performer note Thich Nhat Hanh, speaker ; Sister Chan Khong, singer.
518 ## - DATE/TIME AND PLACE OF AN EVENT NOTE
Date/time and place of an event note Recorded live during Tich Nhat Hanh's 1993 North American retreats.
520 ## - SUMMARY, ETC.
Summary, etc Experience first-hand the traditional Buddhist practices designed to "touch the energy of mindfulness" each carries within, and open to the joy that is always present and waiting to enter our lives.
650 #0 - SUBJECT ADDED ENTRY--TOPICAL TERM
Topical term or geographic name as entry element Meditation
General subdivision Buddhism.
9 (RLIN) 87594
650 #0 - SUBJECT ADDED ENTRY--TOPICAL TERM
Topical term or geographic name as entry element Buddhist meditations.
9 (RLIN) 80546
650 #0 - SUBJECT ADDED ENTRY--TOPICAL TERM
Topical term or geographic name as entry element Zen Buddhism.
9 (RLIN) 5880927
650 #0 - SUBJECT ADDED ENTRY--TOPICAL TERM
Topical term or geographic name as entry element Audiobooks collection
Form subdivision Nonfiction.
9 (RLIN) 5880928
700 1# - ADDED ENTRY--PERSONAL NAME
Personal name Cao, Ngọc Phuọng.
9 (RLIN) 5880929
740 01 - ADDED ENTRY--UNCONTROLLED RELATED/ANALYTICAL TITLE
Uncontrolled related/analytical title Mindfulness.
938 ## -
-- Baker & Taylor
-- BKTY
-- 69.95
-- 52.46
-- 159179126X
-- 0004241954
-- active
938 ## -
-- Brodart
-- BROD
-- 01363689
-- $79.95
942 ## - ADDED ENTRY ELEMENTS (KOHA)
Koha item type CD
948 ## - LOCAL PROCESSING INFORMATION (OCLC); SERIES PART DESIGNATOR (RLIN)
Series part designator, SPT (RLIN) 07/08/2013
z (OCLC) Sirsi
994 ## -
-- 02
-- WACOL
996 ## -
-- 101150
-- 34301001240318
-- CD
-- CD
-- wcl
-- i
-- 9
-- 69.95
-- .CIRCNOTE. 6 discs
-- .PUBLIC. 6 discs
-- micro
-- 294.34 Han
-- 07/08/2013
-- 03/26/2018
-- 02/26/2018
Holdings
Withdrawn status Lost status Source of classification or shelving scheme Materials specified (bound volume or other part) Damaged status Not for loan Collection code Home library Current library Shelving location Date acquired Source of acquisition Cost, normal purchase price Total Checkouts Total Renewals Full call number Barcode Date last seen Date checked out Cost, replacement price Price effective from Koha item type Public note
    Dewey Decimal Classification .CIRCNOTE. 6 discs     Audiobooks Wasatch County Library Wasatch County Library Second Floor 07/08/2013   69.95 14 7 CD 294.34 Han 34301001240318 09/23/2025 08/16/2025 69.95 03/20/2020 Audiobook on CD .PUBLIC. 6 discs
This project was made possible through a grant from the Institute of Museum and Library Service administered by the Utah State Library Division.

Wasatch County Library

  • 465 East 1200 South, Heber City, Utah 84032
  • Phone 435-654-1511 | Fax 435-654-6456

Hours

  • Monday - Friday 9:30 AM - 8:00 PM
  • Saturday 9:30 AM - 1:30 PM
  • Closed Sundays and Holidays